Cidades por código IATA - Extremo - Statistics

Estatísticas Gerais
  • Esse quiz foi jogado 42 vezes
  • A pontuação média é 161 de 380
Estatísticas das Respostas
Código IATA País Cidade % Correto
GRU Brasil São Paulo / Guarulhos
97%
CAI Egito Cairo
94%
LIS Portugal Lisboa
94%
LHR Reino Unido Londres
94%
GIG Brasil Rio de Janeiro
94%
HAV Cuba Havana
91%
SSA Brasil Salvador
91%
BSB Brasil Brasília
88%
MEX México Cidade do México
88%
SCL Chile Santiago
88%
ASU Paraguai Assunção
85%
PTY Panamá Cidade do Panamá
85%
DUB Irlanda Dublin
85%
FOR Brasil Fortaleza
85%
LAX Estados Unidos Los Angeles
85%
PEK China Pequim
85%
OPO Portugal Porto
85%
FCO Itália Roma
85%
AMS Holanda Amsterdã
82%
ATL Estados Unidos Atlanta
82%
BUD Hungria Budapeste
82%
MAD Espanha Madri
82%
NAT Brasil Natal
82%
YOW Canadá Ottawa
82%
ORY França Paris
82%
POA Brasil Porto Alegre
82%
WAW Polônia Varsóvia
82%
AKL Nova Zelândia Auckland
79%
BCN Espanha Barcelona
79%
BRU Bélgica Bruxelas
79%
GYN Brasil Goiânia
79%
JPA Brasil João Pessoa
79%
KIN Jamaica Kingston
79%
MIA Estados Unidos Miami
79%
MVD Uruguai Montevidéu
79%
PHX Estados Unidos Phoenix
79%
RBR Brasil Rio Branco
79%
SLZ Brasil São Luís
79%
SEL Coreia do Sul Seul
79%
YYZ Canadá Toronto
79%
VIX Brasil Vitória
79%
ATH Grécia Atenas
76%
BEY Líbano Beirute
76%
BEL Brasil Belém
76%
CNF Brasil Belo Horizonte / Confins
76%
BER Alemanha Berlim
76%
FLN Brasil Florianópolis
76%
IBZ Espanha Ibiza
76%
LIM Peru Lima
76%
MAO Brasil Manaus
76%
NCE França Nice
76%
SYD Austrália Sydney
76%
TLV Israel Tel Aviv
76%
NRT Japão Tóquio
76%
GUA Guatemala Cidade da Guatemala
73%
CPH Dinamarca Copenhague
73%
DEL Índia Délhi
73%
IST Turquia Istambul
73%
LUX Luxemburgo Luxemburgo
73%
MXP Itália Milão
73%
NAP Itália Nápoles
73%
OSA Japão Osaka
73%
UIO Equador Quito
73%
BOG Colômbia Bogotá
70%
CWB Brasil Curitiba
70%
DAC Bangladesh Daca
70%
PHL Estados Unidos Filadélfia
70%
HEL Finlândia Helsinque
70%
MCP Brasil Macapá
70%
MNL Filipinas Manila
70%
JFK Estados Unidos Nova York
70%
REC Brasil Recife
70%
VCE Itália Veneza
70%
IAD Estados Unidos Washington
70%
SHA China Xangai
70%
VCP Brasil Campinas
67%
DXB Emirados Árabes Unidos Dubai
67%
OSL Noruega Oslo
67%
SOF Bulgária Sófia
67%
THE Brasil Teresina
67%
TIJ México Tijuana
67%
AUH Emirados Árabes Unidos Abu Dhabi
64%
ADD Etiópia Adis Abeba
64%
CMN Marrocos Casablanca
64%
JNB África do Sul Joanesburgo
64%
MAN Reino Unido Manchester
64%
MRS França Marselha
64%
SVO Rússia Moscou
64%
BOM Índia Mumbai
64%
SJO Costa Rica San José
64%
TRN Itália Turim
64%
AJU Brasil Aracaju
61%
BKK Tailândia Bangkok
61%
CUN México Cancún
61%
CCS Venezuela Caracas
61%
ORD Estados Unidos Chicago
61%
CUZ Peru Cusco
61%
DKR Senegal Dacar
61%
DIJ França Dijon
61%
IGU Brasil Foz do Iguaçu
61%
HAM Alemanha Hamburgo
61%
LAD Angola Luanda
61%
MEL Austrália Melbourne
61%
MUC Alemanha Munique
61%
PAP Haiti Porto Príncipe
61%
SIN Singapura Singapura
61%
THR Irã Teerã
61%
TUN Tunísia Tunis
61%
VIE Áustria Viena
61%
ZAG Croácia Zagreb
61%
ESB Turquia Ancara
58%
CBR Austrália Camberra
58%
FRA Alemanha Frankfurt
58%
GLA Reino Unido Glasgow
58%
HAN Vietnã Hanói
58%
MCZ Brasil Maceió
58%
MLA Malta Malta
58%
MED Colômbia Medellín
58%
PRG República Tcheca Praga
58%
TLS França Toulouse
58%
WLG Nova Zelândia Wellington
58%
OXB Guiné-Bissau Bissau
55%
OTP Romênia Bucareste
55%
EZE Argentina Buenos Aires
55%
CPT África do Sul Cidade do Cabo
55%
NBO Quênia Nairóbi
55%
RIX Letônia Riga
55%
SJJ Bósnia e Herzegovina Sarajevo
55%
SEA Estados Unidos Seattle
55%
ADL Austrália Adelaide
52%
AMM Jordânia Amã
52%
BAH Bahrein Bahrein
52%
BVB Brasil Boa Vista
52%
COR Argentina Córdoba
52%
CGB Brasil Cuiabá
52%
FLR Itália Florença
52%
GVA Suíça Genebra
52%
ISB Paquistão Islamabad
52%
LYS França Lyon
52%
MPM Moçambique Maputo
52%
SFO Estados Unidos São Francisco
52%
TPE Taiwan Taipé
52%
VRN Itália Verona
52%
BTS Eslováquia Bratislava
48%
CGR Brasil Campo Grande
48%
CLE Estados Unidos Cleveland
48%
EDI Reino Unido Edimburgo
48%
SKP Macedônia do Norte Escópia
48%
HIJ Japão Hiroshima
48%
KUL Malásia Kuala Lumpur
48%
LAS Estados Unidos Las Vegas
48%
MSQ Bielorrússia Minsk
48%
MTY México Monterrey
48%
PVH Brasil Porto Velho
48%
TIA Albânia Tirana
48%
VLC Espanha Valencia
48%
YVR Canadá Vancouver
48%
VNO Lituânia Vilnius
48%
ACC Gana Acra
45%
BAK Azerbaijão Baku
45%
CGN Alemanha Colônia / Bonn
45%
DFW Estados Unidos Dallas
45%
DAM Síria Damasco
45%
DOH Catar Doha
45%
DOK Ucrânia Donetsk
45%
ARN Suécia Estocolmo
45%
GOT Suécia Gotemburgo
45%
HKG China Hong Kong
45%
LDB Brasil Londrina
45%
YUL Canadá Montreal
45%
MCO Estados Unidos Orlando
45%
PMW Brasil Palmas
45%
PBM Suriname Paramaribo
45%
PER Austrália Perth
45%
RAO Brasil Ribeirão Preto
45%
ZRH Suíça Zurique
45%
ALG Argélia Argel
42%
GDL México Guadalajara
42%
MGA Nicarágua Managua
42%
NAS Bahamas Nassau
42%
PSA Itália Pisa
42%
KEF Islândia Reykjavik
42%
RHO Grécia Rodes
42%
SAL El Salvador San Salvador
42%
SRE Bolívia Sucre
42%
TLL Estônia Tallinn
42%
ACA México Acapulco
39%
TNR Madagascar Antananarivo
39%
BOD França Bordeaux
39%
CAG Itália Cagliari
39%
GEO Guiana Georgetown
39%
GYE Equador Guayaquil
39%
HRE Zimbábue Harare
39%
HNL Estados Unidos Honolulu
39%
JAI Índia Jaipur
39%
JED Arábia Saudita Jedá
39%
LEJ Alemanha Leipzig
39%
MLE Maldivas Malé
39%
NGS Japão Nagasaki
39%
SJU (Porto Rico) San Juan
39%
USH Argentina Ushuaia
39%
WDH Namíbia Windhoek
39%
ZAZ Espanha Zaragoza
39%
APW Samoa Apia
36%
BNE Austrália Brisbane
36%
CTG Colômbia Cartagena
36%
XAP Brasil Chapecó
36%
CMB Sri Lanka Colombo
36%
KRK Polônia Cracóvia
36%
DTW Estados Unidos Detroit
36%
FEN Brasil Fernando de Noronha
36%
IMP Brasil Imperatriz
36%
LBV Gabão Libreville
36%
MED Arábia Saudita Medina
36%
NTE França Nantes
36%
PMO Itália Palermo
36%
SUV Fiji Suva
36%
USN Coreia do Sul Ulsan
36%
BIO Espanha Bilbao
33%
BUF Estados Unidos Buffalo
33%
KTM Nepal Catmandu
33%
JIB Djibuti Djibuti
33%
FAO Portugal Faro
33%
IAH Estados Unidos Houston
33%
MDZ Argentina Mendoza
33%
NDJ Chade Ndjamena
33%
TAS Uzbequistão Tashkent
33%
TUL Estados Unidos Tulsa
33%
UDI Brasil Uberlândia
33%
VOG Rússia Volgogrado
33%
AGR Índia Agra
30%
AJA França Ajaccio
30%
AQP Peru Arequipa
30%
AUA (Aruba) Aruba
30%
YYC Canadá Calgary
30%
CPV Brasil Campina Grande
30%
FEZ Marrocos Fez
30%
GBE Botsuana Gaborone
30%
EVN Armênia Ierevan
30%
JDO Brasil Juazeiro do Norte
30%
FIH República Democrática do Congo Kinshasa
30%
LXR Egito Luxor
30%
MCT Omã Mascate
30%
MSU Lesoto Maseru
30%
MEM Estados Unidos Memphis
30%
NVT Brasil Navegantes
30%
NCL Reino Unido Newcastle
30%
NKC Mauritânia Nouakchott
30%
PIT Estados Unidos Pittsburgh
30%
ULN Mongólia Ulan Bator
30%
BLQ Itália Bolonha
27%
CKY Guiné Conacri
27%
FUK Japão Fukuoka
27%
GDN Polônia Gdansk
27%
IOS Brasil Ilhéus
27%
LFW Togo Lomé
27%
LUN Zâmbia Lusaka
27%
BPS Brasil Porto Seguro
27%
SLC Estados Unidos Salt Lake City
27%
VTE Laos Vientiane
27%
VDC Brasil Vitória da Conquista
27%
ABJ Costa do Marfim Abidjan
24%
ASM Eritreia Asmara
24%
BWI Estados Unidos Baltimore
24%
BJL Gâmbia Banjul
24%
BSL Suíça Basileia
24%
KZN Rússia Cazã
24%
EIN Holanda Eindhoven
24%
MPL França Montpellier
24%
OKC Estados Unidos Oklahoma City
24%
OUA Burkina Faso Ouagadougou
24%
PNH Camboja Phnom Penh
24%
STM Brasil Santarém
24%
XMN China Xiamen
24%
ZNZ Tanzânia Zanzibar
24%
AGA Marrocos Agadir
21%
ALA Cazaquistão Almaty
21%
BHX Reino Unido Birmingham
21%
CWL Reino Unido Cardiff
21%
CTA Itália Catania
21%
DAR Tanzânia Dar Es Salaam
21%
DUR África do Sul Durban
21%
YXD Canadá Edmonton
21%
YHM Canadá Hamilton
21%
INN Áustria Innsbruck
21%
LJU Eslovênia Ljubljana
21%
INU Nauru Nauru
21%
OAK Estados Unidos Oakland
21%
OAX México Oaxaca
21%
PNZ Brasil Petrolina
21%
PDX Estados Unidos Portland
21%
SAH Iêmen Sana'a
21%
VVI Bolívia Santa Cruz de la Sierra
21%
STR Alemanha Stuttgart
21%
VLL Espanha Valladolid
21%
ALC Espanha Alicante
18%
CEB Filipinas Cebu
18%
CLT Estados Unidos Charlotte
18%
COO Benim Cotonou
18%
SXB França Estrasburgo
18%
KGD Rússia Kaliningrado
18%
AGP Espanha Málaga
18%
MSP Estados Unidos Minneapolis
18%
TBU Tonga Nuku'alofa / Tongatapu
18%
PFO Chipre Pafos
18%
PIN Brasil Parintins
18%
SCU Cuba Santiago de Cuba
18%
TPA Estados Unidos Tampa
18%
TBS Geórgia Tiblissi
18%
VAR Bulgária Varna
18%
NSI Camarões Yaoundé
18%
BRS Reino Unido Bristol
15%
CAU Brasil Caruaru
15%
CMH Estados Unidos Columbus
15%
YHZ Canadá Halifax
15%
JJD Brasil Jericoacoara
15%
JPR Brasil Ji-Paraná
15%
KUN Lituânia Kaunas
15%
MEA Brasil Macaé
15%
MKE Estados Unidos Milwaukee
15%
MVF Brasil Mossoró
15%
NKG China Nanquim
15%
EWR Estados Unidos Newark
15%
PPB Brasil Presidente Prudente
15%
PUJ República Dominicana Punta Cana
15%
STL Estados Unidos Saint Louis
15%
JTR Grécia Santorini
15%
SPU Croácia Split
15%
CNX Tailândia Chiang Mai
12%
CHC Nova Zelândia Christchurch
12%
FLL Estados Unidos Fort Lauderdale
12%
FNC Portugal Funchal
12%
JNU Estados Unidos Juneau
12%
MII Brasil Marília
12%
RAK Marrocos Marraquexe
12%
MLO Grécia Milos
12%
MGQ Somália Mogadício
12%
MBJ Jamaica Montego Bay
12%
PMI Espanha Palma de Mallorca
12%
SLA Argentina Salta
12%
OPS Brasil Sinop
12%
TNG Marrocos Tânger
12%
TOS Noruega Tromso
12%
VRA Cuba Varadero
12%
ASW Egito Assuã
9%
CCF França Carcassonne
9%
CJS México Ciudad Juárez
9%
CZM México Cozumel
9%
ADB Turquia Izmir
9%
JNX Grécia Naxos
9%
VNS Índia Varanasi
9%
VER México Veracruz
9%
AQJ Jordânia Aqaba
6%
AUG Estados Unidos Augusta
6%
BLL Dinamarca Billund
6%
BXN Turquia Bodrum
6%
CHQ Grécia Chania
6%
HER Grécia Heraklion
6%
KTW Polônia Katowice
6%
JRO Tanzânia Kilimanjaro
6%
LCA Chipre Lárnaca
6%
JMK Grécia Mykonos
6%
PVR México Puerto Vallarta
6%
SAP Honduras San Pedro Sula
6%
TSR Romênia Timisoara
6%
ZTH Grécia Zaquintos
6%
BYO Brasil Bonito
3%
GNB França Grenoble
3%
HRG Egito Hurghada
3%
SID Cabo Verde Ilha do Sal
3%
YQM Canadá Moncton
3%
GOJ Rússia Nizhny Novgorod
3%
PAS Grécia Paros
3%
TER Portugal Terceira
3%
BIQ França Biarritz
0%
CEI Tailândia Chiang Rai
0%
YQB Canadá Cidade do Quebec
0%
XIA Canadá Guelph
0%
RDU Estados Unidos Raleigh
0%
Nenhum quiz correspondente encontrado
Distribuição das Pontuações
Porcentagem de Pessoas com Cada Pontuação
Percentil de Números Respondidos
Sua Pontuação Histórica
Você não jogou esse quiz